[Event "Challenge"]
[Site "http://www.queenalice.com/game.php?id=884016"]
[Date "2011.1.10"]
[Round "-"]
[White "Pepe_chaves"]
[Black "theron"]
[Result "0-1"]
[WhiteElo "1620"]
[BlackElo "1718"]

1. e4 e6 2. d4 d5 3. e5 c5 4. Nf3 Nc6 5. Be3 Nge7 6. dxc5 Nf5 7. c3 Nxe3 8. fxe3
Bxc5 9. Qd2 O-O 10. Qd3 Qc7 11. Ng5 g6 12. Nf3 Nxe5 13. Nxe5 Qxe5 14. Ke2 Bd7
15. Na3 Rfc8 16. Kd2 Bxa3 17. bxa3 Rc7 18. Rc1 Rac8 19. Qd4 Qxd4+ 20. exd4 Kf8
21. Be2 f6 22. Rhf1 Ke7 23. h4 e5 24. dxe5 fxe5 25. Rf3 d4 26. c4 b6 27. Rcf1
Be6 28. Bd3 Bxc4 29. Bxc4 Rxc4 30. Rf7+ Ke6 31. R7f3 Rc2+ 32. Ke1 e4 33. Rf4 Ke5
34. Rg4 Rxa2 0-1

[Event "por matar el rato......."]
[Site "http://www.queenalice.com/game.php?id=884627"]
[Date "2011.1.12"]
[Round "-"]
[White "xiao"]
[Black "theron"]
[Result "1-0"]
[WhiteElo "1953"]
[BlackElo "1641"]

1. e4 e6 2. d4 d5 3. e5 c5 4. dxc5 Bxc5 5. Nf3 Nc6 6. Bd3 Qc7 7. Bf4 Qb6 8. O-O
Qxb2 9. Nbd2 Qa3 10. Nb3 Qa4 11. Bg3 Bb4 12. Nbd4 Bc3 13. Bb5 Qa5 14. Rb1 Ne7
15. Bh4 O-O 16. Qd3 Bxd4 17. Nxd4 Nxe5 18. Qe2 N7c6 19. Bxc6 Nxc6 20. Nxc6 bxc6
21. Rb2 Ba6 22. Qe1 Bxf1 23. Qxa5 1-0

[Event "Challenge"]
[Site "http://www.queenalice.com/game.php?id=887899"]
[Date "2011.1.18"]
[Round "-"]
[White "theron"]
[Black "Andrei_78"]
[Result "1-0"]
[WhiteElo "1631"]
[BlackElo "1635"]

1. d4 d5 2. c4 dxc4 3. e4 Nf6 4. e5 Nd5 5. Bxc4 Nb6 6. Bb3 e6 7. Nc3 a6 8. Nge2
Bb4 9. O-O Bxc3 10. bxc3 O-O 11. Qd3 Nc6 12. Bc2 Qh4 13. Bg5 Qxg5 14. Qxh7# 1-0

[Event "Challenge"]
[Site "http://www.queenalice.com/game.php?id=888854"]
[Date "2011.1.20"]
[Round "-"]
[White "thiagobrumchess"]
[Black "theron"]
[Result "0-1"]
[WhiteElo "1782"]
[BlackElo "1671"]

1. e4 e6 2. Nf3 d5 3. Be2 Nf6 4. e5 Nfd7 5. O-O c5 6. c3 Nc6 7. d4 Qb6 8. b3 Be7
9. Bg5 Bxg5 10. Nxg5 cxd4 11. Nf3 dxc3 12. Nxc3 Ndxe5 13. Nb5 Nxf3+ 14. gxf3 O-O
15. Nc3 d4 16. Ne4 e5 17. Qd2 Bh3 18. Rfe1 Ne7 19. Bd3 Bf5 20. Kh1 Rad8 21. Rg1
Bg6 22. f4 Bxe4+ 23. Bxe4 f5 24. Bf3 e4 25. Bg2 Qd6 26. Rae1 Ng6 27. Qa5 Qxf4
28. Qxa7 Ne5 29. Bf1 Nf3 30. Bc4+ Kh8 31. Qxb7 Qxh2# 0-1

[Event "ACD CASTELLAR"]
[Site "http://www.queenalice.com/game.php?id=911262"]
[Date "2011.3.10"]
[Round "2"]
[White "Alsina"]
[Black "theron"]
[Result "1-0"]
[WhiteElo "2489"]
[BlackElo "1743"]

1. e4 e6 2. d4 d5 3. Nc3 Nf6 4. Bg5 Bb4 5. e5 h6 6. Bd2 Bxc3 7. bxc3 Ne4 8. Qg4
g5 9. h4 Nxd2 10. Kxd2 Rg8 11. Qh5 c5 12. hxg5 hxg5 13. Qh8 Kf8 14. Bd3 Nc6 15.
Qh6+ Ke8 16. Ne2 Qe7 17. Rh5 b6 18. Rah1 cxd4 19. Nxd4 Kd7 20. Bh7 Rf8 21. Rxg5
Ba6 22. Qf6 Qxf6 23. exf6 Kd6 24. Nxc6 Kxc6 25. g4 Bc4 26. a3 Rh8 27. Rg7 Raf8
28. Rh6 Kd6 29. g5 Ke5 30. Ke3 a6 31. f4+ Kd6 32. Kd4 b5 33. Bd3 Rhg8 34. g6
fxg6 35. Rhh7 Rxg7 36. fxg7 Rg8 37. Bxg6 Ke7 38. Ke5 a5 39. f5 exf5 40. Bxf5 a4
41. Be6 1-0

[Event "ACD CASTELLAR"]
[Site "http://www.queenalice.com/game.php?id=948897"]
[Date "2011.6.12"]
[Round "3"]
[White "theron"]
[Black "franliro"]
[Result "1-0"]
[WhiteElo "1743"]
[BlackElo "1976"]

1. d4 Nf6 2. c4 e6 3. Nc3 Bb4 4. a3 Bxc3+ 5. bxc3 O-O 6. Qc2 c5 7. e4 d6 8. Bd3
e5 9. Ne2 Nbd7 10. O-O b6 11. d5 Re8 12. Bd2 Nf8 13. Rfb1 Ng6 14. a4 Nh5 15. Qa2
Bg4 16. f3 Bd7 17. a5 bxa5 18. Qxa5 Qxa5 19. Rxa5 Re7 20. Ra6 Nf6 21. Rxd6 a5
22. Be3 a4 23. Bxc5 Ree8 24. Ba3 Rec8 25. c5 Rc7 26. Rdb6 h6 27. c6 Be8 28. Rb8
Rxb8 29. Rxb8 Kh7 30. Bb5 Ra7 31. d6 Bxc6 32. Bxc6 1-0

[Event "AUTO-OPEN-2170"]
[Site "http://www.queenalice.com/game.php?id=950042"]
[Date "2011.6.15"]
[Round "2"]
[White "theron"]
[Black "Constante"]
[Result "1-0"]
[WhiteElo "1824"]
[BlackElo "2087"]

1. d4 Nf6 2. c4 e6 3. Nc3 Bb4 4. a3 Bxc3+ 5. bxc3 O-O 6. Qd3 b6 7. Qf3 d5 8. Bg5
Bb7 9. Bxf6 Qxf6 10. Qxf6 gxf6 11. cxd5 Bxd5 12. f3 f5 13. e3 Nd7 14. Nh3 h6 15.
Nf4 Bc6 16. Bd3 Nf6 17. Ke2 Kh8 18. h3 Rg8 19. Rhg1 Rg7 20. g4 Rag8 21. Kf2 Nd5
22. Nh5 Rg6 23. c4 Ne7 24. Nf4 R6g7 25. gxf5 Rxg1 26. Rxg1 Rxg1 27. Kxg1 exf5
28. Kf2 Bd7 29. h4 Ng6 30. Kg3 Kg8 31. Nd5 Kg7 32. Nxc7 Ne7 33. Nb5 Bxb5 34.
cxb5 h5 35. a4 Kf6 36. e4 fxe4 37. fxe4 Nc8 38. e5+ Ke6 39. Kf4 Kd5 40. Be2 Kxd4
41. Bxh5 Kc4 42. Bxf7+ Kb4 43. h5 1-0

[Event "AUTO-OPEN-2170"]
[Site "http://www.queenalice.com/game.php?id=950043"]
[Date "2011.6.15"]
[Round "2"]
[White "Constante"]
[Black "theron"]
[Result "0-1"]
[WhiteElo "2087"]
[BlackElo "1783"]

1. e4 e6 2. d4 d5 3. Nc3 Nf6 4. Bg5 Bb4 5. e5 h6 6. Bd2 Bxc3 7. bxc3 Nfd7 8. Bd3
Qe7 9. Nf3 c5 10. Bb5 O-O 11. Be2 b6 12. O-O Ba6 13. Bxa6 Nxa6 14. Qe2 Nab8 15.
Be3 Nc6 16. Qd2 f6 17. Nh4 Qf7 18. f4 Na5 19. Qf2 Nc4 20. Bc1 Qh5 21. Nf3 fxe5
22. dxe5 Rf7 23. Qg3 Raf8 24. Qh4 Qxh4 25. Nxh4 Ndxe5 26. Nf3 Nxf3+ 27. Rxf3 g5
28. Rg3 Kh7 29. h3 gxf4 30. Rg4 e5 31. Rb1 e4 32. Kf2 Ne5 33. Rh4 e3+ 34. Ke2
Rg8 35. g4 f3+ 36. Kf1 d4 37. cxd4 cxd4 38. g5 Rxg5 39. Rxd4 e2+ 40. Kf2 Rg2+
41. Ke1 Rg1+ 0-1

[Event "AUTO-OPEN-2170"]
[Site "http://www.queenalice.com/game.php?id=950044"]
[Date "2011.6.15"]
[Round "2"]
[White "theron"]
[Black "cunha"]
[Result "0-1"]
[WhiteElo "1743"]
[BlackElo "2837"]

1. d4 Nf6 2. c4 e6 3. Nc3 Bb4 4. a3 Bxc3+ 5. bxc3 O-O 6. Qc2 c5 7. e4 d5 8. e5
Ne4 9. Bd3 Nc6 10. Ne2 cxd4 11. cxd4 Qa5+ 12. Bd2 Nxd2 13. Qxd2 dxc4 14. Bxc4 a6
15. Bd3 b5 16. a4 b4 17. Bxh7+ Kxh7 18. Qc2+ Kg8 19. Qxc6 Rb8 20. O-O Bb7 21.
Qc5 Qxc5 22. dxc5 Rfc8 23. Rfc1 b3 24. Rab1 Bc6 25. Nc3 Rb4 26. a5 Rcb8 27. Rb2
Rc4 28. Ne2 Rxc1+ 29. Nxc1 Rd8 30. f3 Rd1+ 31. Kf2 Rxc1 32. Rxb3 Bb5 0-1

[Event "AUTO-OPEN-2170"]
[Site "http://www.queenalice.com/game.php?id=950045"]
[Date "2011.6.15"]
[Round "2"]
[White "cunha"]
[Black "theron"]
[Result "1/2-1/2"]
[WhiteElo "2828"]
[BlackElo "1743"]

1. d4 d5 2. c4 c6 3. Nf3 Nf6 4. e3 e6 5. Nc3 Be7 6. Bd3 O-O 7. O-O dxc4 8. Bxc4
b5 9. Bd3 b4 10. Ne4 Ba6 11. Nxf6+ Bxf6 12. a3 Bxd3 13. Qxd3 c5 14. Qe4 Nd7 15.
axb4 cxd4 16. Nxd4 Qb6 17. Bd2 Bxd4 18. Qxd4 Qxd4 19. exd4 Nb6 20. Rfc1 Nd5 21.
Rc5 Rfb8 22. b5 Rb7 23. g3 h6 24. Kg2 Rab8 25. Ra5 Kf8 26. h4 Rd8 27. Kf3 Ke7
28. Ke4 Rbd7 29. Ra6 Rb7 30. Kd3 Rdd7 31. Rac6 Rb8 32. h5 Kf6 1/2-1/2

[Event "ACD CASTELLAR"]
[Site "http://www.queenalice.com/game.php?id=964020"]
[Date "2011.7.23"]
[Round "4"]
[White "cerdany"]
[Black "theron"]
[Result "0-1"]
[WhiteElo "1597"]
[BlackElo "1861"]

1. e4 e6 2. d4 d5 3. e5 c5 4. Bb5+ Bd7 5. Bxd7+ Nxd7 6. c4 cxd4 7. Qxd4 Bc5 8.
Qf4 Ne7 9. cxd5 Nxd5 10. Qg5 Qxg5 11. Bxg5 Nxe5 12. Ke2 Bd4 13. Nc3 Bxc3 14.
bxc3 Nxc3+ 15. Kf1 O-O 16. Ne2 Rfc8 17. Nxc3 Rxc3 18. g3 Rac8 19. Kg2 Nd3 20.
Be3 a6 21. Rhd1 e5 22. Kf3 f5 23. Kg2 e4 24. f3 Rc2+ 25. Kh3 Re2 26. Bf4 Nf2+
27. Kh4 Nxd1 28. Rxd1 exf3 29. Kg5 f2 0-1

[Event "Castellar vidrio"]
[Site "http://www.queenalice.com/game.php?id=1457613"]
[Date "2017.1.2"]
[Round "-"]
[White "theron"]
[Black "JORAM2205"]
[Result "1-0"]
[WhiteElo "1905"]
[BlackElo "1746"]

1. d4 d5 2. c4 Nf6 3. Nc3 e6 4. Bg5 Be7 5. Nf3 h6 6. Bxf6 Bxf6 7. e3 Nc6 8. Bd3
Nb4 9. Qa4+ Nc6 10. Qb5 a6 11. Qb3 Be7 12. cxd5 Nb4 13. Be4 f5 14. Bb1 exd5 15.
a3 Nc6 16. Nxd5 Bd6 17. O-O b5 18. Ba2 Be6 19. Nxc7+ Qxc7 20. Qxe6+ Ne7 21. Qf7+
Kd8 22. Qxg7 Kd7 23. Rac1 Qb6 24. Ne5+ Bxe5 25. Qxe5 Rhe8 26. Be6+ Kd8 27. Bxf5
Ra7 28. Rc5 Rf8 29. Be6 Nc6 30. Qd6+ Ke8 31. Rxc6 Qd8 32. Rc8 Qxc8 33. Bxc8 a5
34. Rc1 Kf7 35. Rc7+ Rxc7 36. Qxc7+ Kg6 37. g3 b4 38. axb4 axb4 39. Qd6+ Rf6 40.
Qxb4 Rf7 41. d5 Rf6 42. d6 Rf7 43. d7 Rxd7 44. Bxd7 Kf7 45. Qd6 h5 46. h4 Kg8
47. Qe7 Kh8 48. Bf5 Kg8 49. Bg6 1-0

[Event "castellar vidrio"]
[Site "http://www.queenalice.com/game.php?id=1457616"]
[Date "2017.1.2"]
[Round "-"]
[White "JORAM2205"]
[Black "theron"]
[Result "0-1"]
[WhiteElo "1746"]
[BlackElo "1895"]

1. e4 e6 2. Nf3 d5 3. e5 c5 4. d4 Nc6 5. Bb5 cxd4 6. Nxd4 Ne7 7. Nc3 Bd7 8. Be3
Nxe5 9. Bf4 N7g6 10. Qd2 Bxb5 11. Ncxb5 a6 12. Nc3 Nc4 13. Qc1 Nxf4 14. Qxf4 e5
15. Qg4 exd4 16. Qxd4 Qe7+ 17. Kf1 O-O-O 18. b3 Qe5 19. Rd1 Qxd4 20. Rxd4 Nb6
21. Rf4 f6 22. Na4 Nxa4 23. Rxa4 Bc5 24. Rg4 Rd7 25. Rh4 Re7 26. g3 Rhe8 27. Kg2
Re2 28. Rxh7 Rxf2+ 29. Kh3 Rxc2 30. Rxg7 f5 31. Rh7 Rxa2 32. Rc1 Ree2 33. Rh1
Bg1 34. Kh4 Rxh2+ 35. Kg5 Rxh7 36. Rxh7 d4 37. Kxf5 d3 38. Rh8+ Kc7 39. Rh7+ Kc6
40. Rh6+ Kc5 41. Ke4 d2 42. Rh5+ Kb4 43. Rd5 Kxb3 44. Kf3 Kc3 45. Ke2 Bd4 46.
Rd7 d1=Q+ 47. Kxd1 Kd3 48. Rc7 Ra1+ 49. Rc1 Rxc1+ 50. Kxc1 Kc3 51. g4 a5 52. Kb1
Kb3 53. Kc1 a4 54. Kd2 a3 55. Kd3 Bg7 56. Kd2 a2 57. Ke3 a1=Q 58. Ke2 Qc3 59.
Kf2 Qd3 60. Kg2 Qe3 61. g5 Kc3 62. Kf1 Qd2 63. Kg1 Qe2 64. Kh1 Be5 65. Kg1 Bg3
0-1

[Event "Castellar vidrio"]
[Site "http://www.queenalice.com/game.php?id=1457667"]
[Date "2017.1.3"]
[Round "-"]
[White "theron"]
[Black "din4"]
[Result "1-0"]
[WhiteElo "1915"]
[BlackElo "1308"]

1. d4 d5 2. c4 c6 3. Nf3 Nf6 4. e3 dxc4 5. Bxc4 e6 6. O-O b5 7. Bd3 Qd5 8. Nc3
Qh5 9. Ne2 Bd6 10. e4 e5 11. Ng3 Qg6 12. Nh4 Qg4 13. Nhf5 Bxf5 14. Nxf5 Qxd1 15.
Nxd6+ Ke7 16. Nf5+ Kf8 17. Rxd1 exd4 18. Nxd4 g6 19. Bh6+ Ke7 20. Bg7 Rd8 21.
Bxf6+ Kxf6 22. Nf3 Na6 23. Be2 Re8 24. Rd6+ Kg7 25. Rxc6 Nb4 26. Rc7 Rxe4 27.
Bxb5 Rd8 28. h3 Rd5 29. Bc6 Nxc6 30. Rxc6 g5 31. Rac1 g4 32. hxg4 Rxg4 33. R1c4
Rg6 34. Rxg6+ Kxg6 35. b4 Rd3 36. Ne5+ Kf5 37. Nxd3 h5 38. Rc7 Kg6 39. Rxa7 f6
40. b5 Kg5 41. b6 h4 42. b7 Kg4 43. b8=Q f5 44. Rg7+ Kh5 45. Qh8# 1-0

[Event "Te vas a artar"]
[Site "http://www.queenalice.com/game.php?id=1457672"]
[Date "2017.1.3"]
[Round "-"]
[White "din4"]
[Black "theron"]
[Result "0-1"]
[WhiteElo "1312"]
[BlackElo "1875"]

1. d4 d5 2. Bf4 Nf6 3. c3 e6 4. Na3 Bxa3 5. bxa3 c5 6. e3 Qa5 7. Bd6 Qxc3+ 8.
Ke2 Ne4 9. Be5 Qb2+ 10. Kf3 Qxf2+ 11. Kg4 h5+ 12. Kh3 Ng5# 0-1

[Event "2 Ronda torneo Castellar Vidrio"]
[Site "http://www.queenalice.com/game.php?id=1471735"]
[Date "2017.4.3"]
[Round "-"]
[White "escorpi63"]
[Black "theron"]
[Result "0-1"]
[WhiteElo "1424"]
[BlackElo "1917"]

1. Nf3 d5 2. d4 Nf6 3. Nc3 e6 4. e3 c5 5. dxc5 Bxc5 6. Bd3 O-O 7. O-O Nc6 8. a3
e5 9. e4 d4 10. Ne2 Bg4 11. Ng3 Rc8 12. Be2 Bd6 13. Nf5 Bxf5 14. exf5 e4 15. Ne1
Qc7 16. b4 Bxh2+ 17. Kh1 Bf4 18. Bg4 Rfd8 19. Bxf4 Qxf4 20. Bh3 e3 21. Nd3 Qg5
22. fxe3 dxe3 23. Qe1 Nd4 24. Rc1 Rxc2 25. Nf4 Rxc1 26. Qxc1 Re8 27. Kh2 Ng4+
28. Bxg4 Qxg4 29. Qc4 e2 30. Re1 Qxf4+ 31. Kg1 Nf3+ 0-1

[Event "Challenge"]
[Site "http://www.queenalice.com/game.php?id=1471987"]
[Date "2017.4.5"]
[Round "-"]
[White "theron"]
[Black "escorpi63"]
[Result "0-1"]
[WhiteElo "1917"]
[BlackElo "1424"]

1. d4 g6 2. e4 Bg7 3. Nc3 c6 4. Nf3 Nf6 5. Bd3 d6 6. O-O O-O 7. h3 Nbd7 8. Be3
b5 9. e5 dxe5 10. dxe5 Nd5 11. Nxd5 cxd5 12. Bxb5 Nxe5 13. Nxe5 Bxe5 14. Bd4 Qd6
15. b3 Bf4 16. Qf3 e5 17. Bb2 e4 18. Qc3 f6 19. Rad1 Be5 20. Qe3 Bxb2 21. Rxd5
Qe7 22. Rfd1 Be5 23. Bc4 Kh8 24. Qh6 Qg7 25. Qh4 Bf5 26. f4 g5 27. fxg5 fxg5 28.
Qh5 Be6 29. Rc5 Bd4+ 0-1

[Event "Challenge"]
[Site "http://www.queenalice.com/game.php?id=1472173"]
[Date "2017.4.6"]
[Round "-"]
[White "theron"]
[Black "pepeillo"]
[Result "0-1"]
[WhiteElo "1919"]
[BlackElo "2018"]

1. d4 Nf6 2. c4 e6 3. Nc3 Bb4 4. e3 c5 5. Bd3 Nc6 6. Nf3 d5 7. O-O O-O 8. a3
Bxc3 9. bxc3 b6 10. Qc2 Ba6 11. cxd5 Bxd3 12. Qxd3 Qxd5 13. Re1 Rfd8 14. Bd2 Na5
15. Rab1 Ne4 16. Rb2 Nc4 17. Rbb1 Nxa3 18. Ra1 c4 19. Qe2 Nc2 20. Ra2 Nxe1 21.
Qxe1 a5 0-1